| 000 | 00647cam a2200205 4500 | ||
|---|---|---|---|
| 005 | 20160127143209.0 | ||
| 008 | 160127b mx ||||| |||| 00| 0 spa d | ||
| 020 | _a9688592277 | ||
| 050 | 0 | 4 |
_aD169 _bE33 1996 |
| 100 | 1 | _aEickhoff, Georg. | |
| 245 | 1 | 3 |
_aLa Historia como arte de la memoria : _bAcosta vuelve de América / _cGeorg Eickhoff |
| 250 | _a1a ed. | ||
| 260 |
_aMéxico : _bUniversidad Iberoamericana, _c1996 |
||
| 300 |
_a102 p. ; _c21 cm. |
||
| 490 | _aSerie Historia y Grafía | ||
| 504 | _aIncluye índice | ||
| 650 | 7 |
_2LEMB _aHistoria _xMetodología |
|
| 650 | 7 |
_2LEMB _aHistoria _xAspectos psicologícos |
|
| 942 |
_2lcc _cLIB |
||
| 999 |
_c57879 _d57879 |
||